Locuzioni latine - Quiz n°10 - Statistics

Statistiche generali
  • Questo quiz è stato fatto 11 volte
  • Il punteggio medio è 9 su 10
Statistiche sulle risposte
Hint Risposta % Corretto
Ab Urbe condita Dalla fondazione di Roma
100%
Omnia vincit amor L'amore vince ogni cosa
100%
Mens sana in corpore sano Mente sana in corpo sano
100%
In vino veritas nel vino è la verità
100%
Odi et amo Odio e amo
100%
Pro memoria Per la memoria
100%
Dies irae Giorno dell'ira
89%
Hic et nunc Qui e ora
89%
Casus belli Motivo della guerra
78%
Ad maiora Verso cose più grandi
78%
Nessun quiz corrispondente trovato
Distribuzione punteggi
Percentuale di utenti per punteggio
Percentile per numero di risposta
I tuoi punteggi nel tempo
Non hai fatto questo quiz